5-Letter Vocabulary (Medium) Quiz Stats

 Plays Quiz Updated Jun 23, 2017

Support Sporcle.
Go Orange.
Score 0/25 Timer 03:00
1 Play Today
% Correct
yacht
97.6%
macho
95.8%
binge
95.8%
knead
95.7%
manor
95.2%
urban
94.8%
deity
94.5%
excel
93.9%
event
93.8%
gecko
93.7%
alert
93.2%
noose
93.1%
chirp
92.7%
% Correct
pluck
92.5%
whirl
92.3%
ninja
92.3%
embed
91.1%
melee
91%
ideal
90.9%
legal
89.6%
quirk
89.4%
alias
89.2%
stiff
89.1%
vivid
85.5%
rabid
73.1%

You're not logged in!

Compare scores with friends on all Sporcle quizzes.
OR
Log In
Forgot?

From the Vault

'A' Television Characters

by sunnyskates8

These TV characters always get called on first.
Remove Ads.
Support Sporcle.
Get the best of Sporcle when you Go Orange. This ad-free experience offers more features, more stats, and more fun while also helping to support Sporcle. Thank you for becoming a member.

Show Comments

Extras

Top Quizzes Today


Score Distribution

Your Account Isn't Verified!

In order to create a playlist on Sporcle, you need to verify the email address you used during registration. Go to your Sporcle Settings to finish the process.

Report this User

Report this user for behavior that violates our Community Guidelines.

Details: